| 000 | 01031cam a22003497a 4500 | ||
|---|---|---|---|
| 003 | CHAP | ||
| 005 | 20220817042808.0 | ||
| 008 | 971013s1985 r 00010 d | ||
| 010 | _a55917 | ||
| 011 | _a56889 | ||
| 035 | _a61042 | ||
| 040 | _cCHAP | ||
| 090 | _aFolleto 9062 | ||
| 100 | 0 | 0 |
_aZamora Muciño, Ramón. _9123527 |
| 245 | 0 | _aReproducción de la carpa | |
| 260 |
_aMéxico, D.F. : _bFIRA, _c1985 |
||
| 300 |
_app. 25-36 _b: ilus. |
||
| 410 | _aFIRA | ||
| 490 | 0 | _aBoletin informativo | |
| 501 | _aEnc. con otros impresos similares | ||
| 590 |
_aBATCH-UPD _b10 _c20130110 _lUCH01 _h0636 |
||
| 590 |
_aBATCH-UPD _b10 _c20130410 _lUCH01 _h0320 |
||
| 590 |
_aBATCH-UPD _b10 _c20130914 _lUCH01 _h0649 |
||
| 590 |
_aCONVERSION _b10 _c20130109 _lUCH01 _h1330 |
||
| 650 | 1 | 4 |
_aCarpa. _919269 |
| 810 |
_aFIRA _941029 |
||
| 830 | 0 | _aBoletin informativo | |
| 901 | _aBK | ||
| 942 | _cFOLL | ||
| 949 |
_aFolleto 9062 _bBC _cFOLL _d-131277 _eTS1 _i61042 _mD _si |
||
| 949 |
_aFolleto 9062 _bBC _cFOLL _d-131278 _eTS2 _fc.2 _i61042 _mD _si |
||
| 999 |
_c55917 _d55917 |
||